Grammaire générale et raisonnée.
Salvato in:
| Autore principale: | |
|---|---|
| Altri autori: | |
| Natura: | Libro |
| Pubblicazione: |
Hildesheim, Allemagne:
Georg Olms,
1973
|
| Edizione: | Nouvelle Edition reveuë et augmentée de nouveau. |
| Soggetti: | |
| Tags: |
Aggiungi Tag
Nessun Tag, puoi essere il primo ad aggiungerne!!
|
MARC
| LEADER | 00000nam a22000007a 4500 | ||
|---|---|---|---|
| 003 | CL-VaPUC | ||
| 005 | 20220822114723.0 | ||
| 008 | 220726t1973 ||||| |||| 00| 0 eng d | ||
| 999 | |c 437553 |d 437551 | ||
| 020 | |a 3487044188 | ||
| 040 | |c Pontificia Universidad Católica de Valparaíso | ||
| 082 | 7 | |a 445 ARN 1973 |2 22 | |
| 100 | 1 | |a Arnauld, Antoine |e autore |9 346802 | |
| 245 | |a Grammaire générale et raisonnée. | ||
| 250 | |a Nouvelle Edition reveuë et augmentée de nouveau. | ||
| 260 | |a Hildesheim, Allemagne: |b Georg Olms, |c 1973 | ||
| 500 | |a c.1 Donación Familia Prof. Alejandro Guzmán Brito. | ||
| 533 | |a "Reprografischer Nachdruck der Ausgabe Brüssel 1676." In earlier editions Lancelot's name appeared first on the t.p | ||
| 583 | |c 20220726 |k Cristina María Rojas Aguilar | ||
| 650 | |a Lengua francesa |x Gramática |9 871828 | ||
| 700 | |a Lancelot, Claude |e autor |9 873899 | ||
| 942 | |2 ddc |c BK |n 0 | ||
| 952 | |0 0 |1 0 |2 ddc |4 0 |6 445_000000000000000_ARN_1973 |7 0 |8 C_AGB |9 585331 |a BIBDER |b BIBDER |d 2022-07-26 |e Donación |i 5653356 |o 445 ARN 1973 |p 5653356 |r 2023-01-25 |t 1 |w 2022-07-26 |y BK_US |k AGB | ||